Hindi Morphology : (Record no. 17594)

000 -LEADER
fixed length control field 00487nam a22001691a 4500
020 ## - INTERNATIONAL STANDARD BOOK NUMBER
International Standard Book Number 9788120814462
082 ## - DEWEY DECIMAL CLASSIFICATION NUMBER
Classification number 491.435
Item number RAJ/H
100 ## - MAIN ENTRY--PERSONAL NAME
Personal name Rajendra Singh
9 (RLIN) 88176
245 ## - TITLE STATEMENT
Title Hindi Morphology :
Remainder of title a word-based description/
Statement of responsibility, etc. by Rajendra Singh
260 ## - PUBLICATION, DISTRIBUTION, ETC.
Place of publication, distribution, etc. New Delhi:
Name of publisher, distributor, etc. Motilal Banarsidass,
Date of publication, distribution, etc. 1997.
300 ## - PHYSICAL DESCRIPTION
Extent 205p.
650 ## - SUBJECT ADDED ENTRY--TOPICAL TERM
Topical term or geographic name entry element Morphology Hindi
9 (RLIN) 88177
650 ## - SUBJECT ADDED ENTRY--TOPICAL TERM
Topical term or geographic name entry element Language Hindi
9 (RLIN) 88178
650 ## - SUBJECT ADDED ENTRY--TOPICAL TERM
Topical term or geographic name entry element Language
9 (RLIN) 88179
700 ## - ADDED ENTRY--PERSONAL NAME
Personal name Rama Kant Agnihotri
9 (RLIN) 88180
942 ## - ADDED ENTRY ELEMENTS (KOHA)
Koha item type Book
Holdings
Withdrawn status Lost status Damaged status Not for loan Permanent Location Current Location Date acquired Cost, normal purchase price Total Checkouts Full call number Barcode Date last seen Cost, replacement price Price effective from Koha item type
        Sree Sankaracharya University of Sanskrit Sree Sankaracharya University of Sanskrit 08.01.2015 395.00   491.435 RAJ/H 003757 08.01.2015 0.00 08.01.2015 Book